| 000 | 01270cam a22003011i 4500 | ||
|---|---|---|---|
| 003 | OSt | ||
| 005 | 20260420131238.0 | ||
| 008 | 260418s2015 le a g 000 0 ara c | ||
| 020 | _a9786030188550 | ||
| 040 |
_aSA-JeALM _bara _cSA-RiAUC _erda |
||
| 043 | _aa-cc--- | ||
| 082 | 0 | 4 |
_a915.104 _qSA-RiAUC |
| 090 |
_a915.104 _bهـ ز ل |
||
| 100 | 1 |
_aالهزلي، علي بن شويمي بن هليل المطرفي، _d1394 هجري- _eمؤلف. |
|
| 245 | 1 | 0 |
_aجمال الصين بين السور والتنين / _cتأليف علي بن شويمي المطرفي. |
| 250 | _aالطبعة الأولى. | ||
| 264 | 1 |
_aبيروت : _bالانتشار العربي، _c2015 |
|
| 300 |
_a282 صفحة : _bإيضاحيات ؛ _c24 سم |
||
| 336 |
_aنص _btxt _2rdacontent _3كتاب |
||
| 337 |
_aبدون وسيط _bn _2rdamedia |
||
| 338 |
_aمجلد _bnc _2rdacarrier |
||
| 600 | 1 | 7 |
_aالهزلي، علي بن شويمي بن هليل المطرفي، _d1394 هجري- _xرحلات _zالصين _2aucnm |
| 650 | 7 |
_aالثقافة _zالصين _xتاريخ _2aucsh |
|
| 651 | 7 |
_aالصين _xوصف ورحلات _2aucsh |
|
| 651 | 7 |
_aالصين _xحياة فكرية _xتاريخ _2aucsh |
|
| 942 |
_2ddc _cBOOK _n0 |
||
| 949 |
_aSA-JeALM _d260418 _umohamedma123 _n1 |
||
| 999 |
_c14864 _d14864 |
||